市区町村の面積占有率トップ50 2022年版 - Statistics

General Stats
  • This quiz has been taken 1,140 times
  • The average score is 39 of 50
Answer Stats
占有率(%) 県名 解答欄 % Correct
29.233 富山県 富山市
99%
21.822 鳥取県 鳥取市
97%
20.034 静岡県 浜松市
97%
20.502 岐阜県 高山市
96%
18.155 静岡県 静岡市
96%
18.127 神奈川県 横浜市
96%
17.693 佐賀県 佐賀市
96%
22.625 栃木県 日光市
95%
20.038 香川県 高松市
95%
17.949 京都府 京都市
95%
12.801 福井県 福井市
92%
17.751 愛知県 豊田市
91%
16.740 山口県 山口市
91%
11.199 石川県 金沢市
91%
11.563 滋賀県 大津市
88%
21.735 和歌山県 田辺市
86%
15.215 埼玉県 秩父市
86%
13.612 神奈川県 相模原市
86%
11.717 山口県 下関市
86%
19.978 佐賀県 唐津市
85%
11.103 岡山県 岡山市
84%
18.217 奈良県 十津川村
81%
16.952 滋賀県 長浜市
81%
18.033 石川県 白山市
80%
11.826 大阪府 大阪市
80%
12.316 三重県 津市
79%
20.819 福井県 大野市
78%
17.251 滋賀県 高島市
76%
14.067 山形県 鶴岡市
76%
15.742 富山県 南砺市
74%
17.125 長崎県 対馬市
73%
14.293 山口県 岩国市
73%
11.424 山口県 萩市
71%
17.396 徳島県 三好市
69%
11.980 京都府 福知山市
69%
11.223 宮崎県 延岡市
69%
10.942 宮城県 大崎市
69%
11.988 滋賀県 甲賀市
67%
14.701 広島県 庄原市
66%
12.277 群馬県 みなかみ町
66%
11.150 岡山県 新見市
64%
14.244 大分県 佐伯市
62%
10.930 島根県 益田市
62%
13.493 山梨県 北杜市
61%
13.365 京都府 南丹市
61%
11.054 宮城県 栗原市
61%
11.865 香川県 三豊市
51%
11.645 岡山県 真庭市
51%
14.653 沖縄県 竹富町
47%
16.759 徳島県 那賀町
39%
No matching quizzes found
Score Distribution
Percent of People with Each Score
Percentile by Number Answered
Your Score History
You have not taken this quiz